00850nam a2200217 a 4500008004100000020001800041050002000059100001700079245008200096260004200178300002000220350000900240490001900249650000900268650004900277700002300326700002100349995010900370999001700479952013600496110331s2010 ||||||||||||||||| || u a9781779221100 aHD 1333.Z55 Afr aScoones, Ian10aZimbabwe's land reform: myths and realitiescby Ian Scoones..... [and others] aAvondale, Harare:bWeaver Pressc2010 axv, 288p.: ill. a0.00 aAfrican issues aLAND aLAND REFORM--ZIMBABWE--HISTORY--21ST CENTURY aMavedzenge, Blasio aMarongwe, Nelson D0.00FCBU-MAIN LIBRARY (Kitwe)H1I0.00M1UAVAILABLEWMay 19, 2011ZMain Library Open Access Collection c62455d62455 00102lcc4070a001b001cMain Library Open Access Collectiond2022-11-30l0oHD 1333.Z55 Afrp742523r2022-11-30w2022-11-30y002